[Event "Porto Cristo"]
[Site "Porto Cristo"]
[Date "2023.12.16"]
[Round "8"]
[White "Sentissi, Yassine"]
[Black "Suvorov, Luca"]
[Result "1/2-1/2"]
[WhiteElo "2078"]
[BlackElo "2333"]
[PlyCount "49"]
[EventDate "2023.12.11"]
[EventType "tourn"]
[EventRounds "9"]
[EventCountry "ESP"]
[EventCategory "1"]
[SourceTitle "CB52_2023"]
[SourceDate "2023.12.27"]
[SourceVersion "1"]
[SourceVersionDate "2023.12.27"]
[SourceQuality "1"]

1. e4 e5 2. Nf3 Nc6 3. Nc3 Nf6 4. d4 exd4 5. Nxd4 Bb4 6. Nxc6 bxc6 7. Bd3 0-0 8. 0-0 d5 9. Bd2 Rb8 10. Re1 Bg4 11. Qc1 Bh5 12. a3 Bc5 13. exd5 cxd5 14. h3 Bg6 15. Na4 Bd6 16. Bf4 Ne4 17. Bxd6 Qxd6 18. b4 a5 19. Bxe4 dxe4 20. c3 Qe5 21. Nc5 axb4 22. axb4 Rfd8 23. f3 f5 24. fxe4 f4 25. Rf1 1/2-1/2

[Event "Porto Cristo"]
[Site "Porto Cristo"]
[Date "2023.12.13"]
[Round "4"]
[White "Sentissi, Yassine"]
[Black "Suvorov, Alexander David"]
[Result "1/2-1/2"]
[WhiteElo "2078"]
[BlackElo "2334"]
[PlyCount "47"]
[EventDate "2023.12.11"]
[EventType "tourn"]
[EventRounds "9"]
[EventCountry "ESP"]
[EventCategory "1"]
[SourceTitle "CB52_2023"]
[SourceDate "2023.12.27"]
[SourceVersion "1"]
[SourceVersionDate "2023.12.27"]
[SourceQuality "1"]

1. e4 c5 2. Nf3 d6 3. d4 cxd4 4. Nxd4 Nf6 5. Nc3 a6 6. Bg5 e6 7. f4 Be7 8. Qf3 Qc7 9. 0-0-0 Nbd7 10. g4 h6 11. Bxf6 Bxf6 12. h4 Nb6 13. g5 Bxd4 14. Rxd4 Qc5 15. Rd2 Bd7 16. Be2 Na4 17. Nxa4 Bxa4 18. Rhd1 0-0-0 19. b3 Bc6 20. Kb2 hxg5 21. hxg5 g6 22. Bf1 Kc7 23. Bg2 Rd7 24. Rd3 1/2-1/2

[Event "Porto Cristo"]
[Site "Porto Cristo"]
[Date "2023.12.12"]
[Round "2"]
[White "Sentissi, Yassine"]
[Black "Marin Ferragut, Pau"]
[Result "1/2-1/2"]
[WhiteElo "2078"]
[BlackElo "2115"]
[PlyCount "74"]
[EventDate "2023.12.11"]
[EventType "tourn"]
[EventRounds "9"]
[EventCountry "ESP"]
[EventCategory "1"]
[SourceTitle "CB52_2023"]
[SourceDate "2023.12.27"]
[SourceVersion "1"]
[SourceVersionDate "2023.12.27"]
[SourceQuality "1"]

1. e4 c5 2. Nf3 d6 3. d4 cxd4 4. Nxd4 Nf6 5. Nc3 g6 6. Be3 Bg7 7. f3 0-0 8. Qd2 Nc6 9. Bc4 Bd7 10. Bb3 Rc8 11. 0-0-0 Nxd4 12. Bxd4 b5 13. Nd5 Nxd5 14. exd5 a5 15. Bxg7 Kxg7 16. a3 Kg8 17. Rhe1 Rc5 18. Re3 b4 19. axb4 axb4 20. Qxb4 Qa8 21. Kd2 Rb8 22. Qd4 Bf5 23. c4 e5 24. dxe6 Bxe6 25. Ke1 Rbc8 26. Qxd6 Qa5+ 27. Qd2 Qb6 28. Qd4 Qb8 29. Qd6 Qb4+ 30. Qd2 Qb7 31. Kf1 Bxc4+ 32. Bxc4 Rxc4 33. Rc3 Rxc3 34. bxc3 Qc7 35. Kg1 Qxc3 36. Qxc3 Rxc3 37. Rd2 Kg7 1/2-1/2

[Event "Titled Tuesday intern op 22nd Aug Early"]
[Site "Chess.com INT"]
[Date "2023.08.22"]
[Round "3"]
[White "Rietze, Clemens"]
[Black "Sentissi, Yassine"]
[Result "1-0"]
[WhiteElo "2329"]
[BlackElo "2006"]
[PlyCount "73"]
[EventDate "2023.08.22"]
[EventType "swiss (blitz)"]
[EventRounds "11"]
[EventCountry "USA"]
[SourceTitle "EXT 2024"]
[Source "ChessBase"]
[SourceDate "2023.10.10"]
[SourceVersion "1"]
[SourceVersionDate "2023.10.10"]
[SourceQuality "1"]

1. d4 Nf6 2. c4 d6 3. Nc3 Nbd7 4. e4 e5 5. d5 Nc5 6. f3 a5 7. Be3 Be7 8. Qd2 0-0 9. 0-0-0 a4 10. Kb1 Bd7 11. g4 Ne8 12. h4 Bxh4 13. g5 Bg3 14. Nge2 Bf4 15. Nxf4 exf4 16. Bxf4 g6 17. Qh2 h5 18. gxh6 Kh7 19. Bh3 Nf6 20. Bg5 Bxh3 21. Qxh3 Ncd7 22. f4 Qe8 23. Rde1 a3 24. e5 dxe5 25. fxe5 Nh5 26. e6 fxe6 27. Rxe6 Qc8 28. Re7+ Kh8 29. Rxd7 axb2 30. Qe6 Qe8 31. Re7 Qc8 32. Qe5+ Kg8 33. Rg7+ Kh8 34. Rxg6+ Kh7 35. Rg7+ Kh8 36. Rxc7+ Kg8 37. h7# 1-0

[Event "Casablanca Mohammed op 4th"]
[Site "Casablanca"]
[Date "2023.08.16"]
[Round "4"]
[White "Sentissi, Yassine"]
[Black "Milliet, Sophie"]
[Result "0-1"]
[WhiteElo "2006"]
[BlackElo "2388"]
[PlyCount "108"]
[EventDate "2023.08.14"]
[EventType "swiss"]
[EventRounds "9"]
[EventCountry "MAR"]
[SourceTitle "CBM 215 Extra"]
[Source "ChessBase"]
[SourceDate "2023.09.30"]
[SourceVersion "1"]
[SourceVersionDate "2023.09.30"]
[SourceQuality "1"]

1. e4 c5 2. Nf3 d6 3. d4 cxd4 4. Nxd4 Nf6 5. Nc3 Nc6 6. h4 e5 7. Nb3 Be7 8. Bg5 0-0 9. Qd2 Be6 10. 0-0-0 Rc8 11. Kb1 Qb6 12. f3 Rfd8 13. Bxf6 Bxf6 14. g4 Nb4 15. Bd3 a5 16. g5 Be7 17. a3 Nxd3 18. Qxd3 Bc4 19. Qd2 d5 20. Nxd5 Bxd5 21. exd5 a4 22. Qa5 Qf2 23. Na1 Qxf3 24. Qxa4 Rxd5 25. Rdf1 Qg2 26. Rhg1 Qh3 27. Qb3 Qxb3 28. Nxb3 Rc4 29. h5 e4 30. g6 hxg6 31. hxg6 f5 32. Nc1 Bf6 33. b3 Rc6 34. Rg2 Rcd6 35. b4 Rd1 36. Rxf5 Re1 37. Rc5 Kf8 38. Rc8+ Ke7 39. Rc7+ Ke6 40. c3 Rdd1 41. Rc2 Bg5 42. Rxg7 Rxc1+ 43. Kb2 Rxc2+ 44. Kxc2 Kf6 45. Rxb7 Kxg6 46. Rb8 Kf5 47. Re8 Re2+ 48. Kb3 Rd2 49. c4 e3 50. c5 Rd8 51. Rxd8 Bxd8 52. Kc2 Ke4 53. b5 e2 54. Kd2 Kf3 0-1

[Event "Casablanca Mohammed op 4th"]
[Site "Casablanca"]
[Date "2023.08.15"]
[Round "3"]
[White "Chasin, Nico Werner"]
[Black "Sentissi, Yassine"]
[Result "1-0"]
[WhiteElo "2450"]
[BlackElo "2006"]
[PlyCount "61"]
[EventDate "2023.08.14"]
[EventType "swiss"]
[EventRounds "9"]
[EventCountry "MAR"]
[SourceTitle "CBM 215 Extra"]
[Source "ChessBase"]
[SourceDate "2023.09.30"]
[SourceVersion "1"]
[SourceVersionDate "2023.09.30"]
[SourceQuality "1"]

1. c4 Nf6 2. Nc3 g6 3. e4 e5 4. Nf3 Nc6 5. d4 exd4 6. Nxd4 d6 7. f3 Bg7 8. Be3 0-0 9. Nc2 Nh5 10. g4 Nf6 11. Qd2 Ne5 12. Be2 a6 13. g5 Ne8 14. f4 Nc6 15. h4 Qe7 16. 0-0-0 f5 17. gxf6 Nxf6 18. Rdg1 Re8 19. Bf3 Qf7 20. h5 Nxh5 21. Bxh5 gxh5 22. f5 Kh8 23. Rg5 h4 24. Rxh4 Bf6 25. Nd5 Rg8 26. Nxf6 Qxf6 27. Rxh7+ Kxh7 28. Qh2+ Qh6 29. Rh5 Qxh5 30. Qxh5+ Kg7 31. Qg6+ 1-0

[Event "Titled Tuesday intern op 31st Jan Early"]
[Site "Chess.com INT"]
[Date "2023.01.31"]
[Round "3"]
[White "Yeritsyan, Hayk"]
[Black "Sentissi, Yassine"]
[Result "1/2-1/2"]
[WhiteElo "2250"]
[BlackElo "2000"]
[PlyCount "145"]
[EventDate "2023.01.31"]
[EventType "swiss (blitz)"]
[EventRounds "11"]
[EventCountry "USA"]
[SourceTitle "CBM 212 Extra"]
[Source "ChessBase"]
[SourceDate "2023.03.31"]
[SourceVersion "1"]
[SourceVersionDate "2023.03.31"]
[SourceQuality "1"]

1. d4 d5 2. Nf3 c6 3. Bf4 Qb6 4. Qc1 Nf6 5. e3 Bf5 6. c4 e6 7. c5 Qa5+ 8. Nbd2 Nbd7 9. a3 Nh5 10. b4 Qd8 11. Bg5 f6 12. Bh4 g5 13. Bg3 Be7 14. Be2 0-0 15. 0-0 Qe8 16. Qc3 Nxg3 17. hxg3 Bg6 18. Bd3 e5 19. Bxg6 Qxg6 20. dxe5 fxe5 21. Nxe5 Qg7 22. f4 Bf6 23. Ndf3 Rae8 24. Rae1 Nxe5 25. Nxe5 Bxe5 26. fxe5 Rxf1+ 27. Rxf1 Qxe5 28. Qxe5 Rxe5 29. Kf2 Re4 30. Rd1 Rc4 31. Rd3 Kf7 32. Kf3 h5 33. Rd4 Rc3 34. a4 Ke6 35. g4 h4 36. Rd1 Ke5 37. Rd4 Rc4 38. Rxc4 dxc4 39. Ke2 Ke4 40. Kd2 c3+ 41. Kxc3 Kxe3 42. b5 Ke4 43. Kc4 Kf4 44. a5 a6 45. bxa6 bxa6 46. Kd4 Kg3 47. Ke5 Kxg2 48. Kd6 h3 49. Kxc6 h2 50. Kb6 h1Q 51. c6 Kg3 52. c7 Qc1 53. Kb7 Qb2+ 54. Ka8 Qc3 55. Kb8 Qb4+ 56. Ka8 Qc5 57. Kb8 Qd6 58. Ka8 Qc6+ 59. Kb8 Kxg4 60. c8Q+ Qxc8+ 61. Kxc8 Kf4 62. Kb7 g4 63. Kxa6 g3 64. Kb7 g2 65. a6 g1Q 66. a7 Qb1+ 67. Ka8 Qe4+ 68. Kb8 Qb4+ 69. Ka8 Qf8+ 70. Kb7 Qe7+ 71. Kb8 Qe8+ 72. Kb7 Qd7+ 73. Kb8 1/2-1/2

[Event "Titled Tuesday intern op 17th Jan Early"]
[Site "Chess.com INT"]
[Date "2023.01.17"]
[Round "1"]
[White "Ciuffoletti, Paolo"]
[Black "Sentissi, Yassine"]
[Result "0-1"]
[WhiteElo "2106"]
[BlackElo "2000"]
[PlyCount "62"]
[EventDate "2023.01.17"]
[EventType "swiss (blitz)"]
[EventRounds "11"]
[EventCountry "USA"]
[SourceTitle "CBM 212 Extra"]
[Source "ChessBase"]
[SourceDate "2023.03.31"]
[SourceVersion "1"]
[SourceVersionDate "2023.03.31"]
[SourceQuality "1"]

1. e4 c6 2. d4 d5 3. exd5 cxd5 4. c4 Nf6 5. Nc3 Nc6 6. Nf3 Be6 7. c5 Bg4 8. Bb5 e6 9. 0-0 Qc7 10. h3 Bh5 11. Qd3 Be7 12. Ne5 Nd7 13. Bxc6 bxc6 14. Bf4 Qb7 15. b4 Nxe5 16. Bxe5 f6 17. Bf4 Qxb4 18. Rab1 Qa5 19. Rb7 Bg6 20. Qg3 Kf7 21. Bd6 Rhe8 22. Bxe7 Rxe7 23. Rxe7+ Kxe7 24. Qd6+ Kf7 25. Qd7+ Kf8 26. Qxc6 Re8 27. Ne2 Bd3 28. Qd6+ Kf7 29. Nf4 Bxf1 30. Kxf1 Re7 31. Qd8 Qxd8 0-1

[Event "Titled Tuesday intern op 17th Jan Late"]
[Site "Chess.com INT"]
[Date "2023.01.17"]
[Round "2"]
[White "Duda, Jan Krzysztof"]
[Black "Sentissi, Yassine"]
[Result "1-0"]
[WhiteElo "2729"]
[BlackElo "2000"]
[PlyCount "63"]
[EventDate "2023.01.17"]
[EventType "swiss (blitz)"]
[EventRounds "11"]
[EventCountry "USA"]
[SourceTitle "CBM 212 Extra"]
[Source "ChessBase"]
[SourceDate "2023.03.31"]
[SourceVersion "1"]
[SourceVersionDate "2023.03.31"]
[SourceQuality "1"]

1. c4 Nf6 2. Nc3 g6 3. e4 d6 4. d4 Bg7 5. Nf3 0-0 6. Be2 e5 7. 0-0 Nc6 8. d5 Ne7 9. b4 a5 10. Ba3 axb4 11. Bxb4 Re8 12. a4 Bf8 13. Nd2 c5 14. Ba3 Nd7 15. Nb5 Ra6 16. Bb2 Bg7 17. Bg4 f5 18. Bh3 Nf6 19. Re1 Nxe4 20. Nxe4 fxe4 21. Bxc8 Qxc8 22. Nc3 Nf5 23. Nxe4 h6 24. g3 Nd4 25. Ra2 Qf5 26. Bxd4 cxd4 27. Qb3 Qd7 28. c5 Rea8 29. Nxd6 Rxa4 30. c6 Qxd6 31. Rxa4 Rxa4 32. Qxa4 1-0

[Event "Titled Tuesday intern op 17th Jan Late"]
[Site "Chess.com INT"]
[Date "2023.01.17"]
[Round "3"]
[White "Sentissi, Yassine"]
[Black "Golding, Alex"]
[Result "0-1"]
[WhiteElo "2000"]
[BlackElo "2318"]
[PlyCount "84"]
[EventDate "2023.01.17"]
[EventType "swiss (blitz)"]
[EventRounds "11"]
[EventCountry "USA"]
[SourceTitle "CBM 212 Extra"]
[Source "ChessBase"]
[SourceDate "2023.03.31"]
[SourceVersion "1"]
[SourceVersionDate "2023.03.31"]
[SourceQuality "1"]

1. c4 e5 2. Nc3 Nf6 3. g3 Bb4 4. Bg2 0-0 5. Nf3 Nc6 6. 0-0 d6 7. d3 Bg4 8. Bd2 a5 9. h3 Bh5 10. a3 Bxc3 11. Bxc3 Re8 12. Nd2 a4 13. Re1 Qd7 14. b3 axb3 15. Qxb3 Ra7 16. e3 Bg6 17. d4 e4 18. Qb2 Qe7 19. g4 h6 20. Rab1 Rea8 21. d5 Ne5 22. Bxe5 dxe5 23. a4 b6 24. Qc2 Rxa4 25. Nxe4 Nxe4 26. Bxe4 Ra2 27. Qd3 R8a3 28. d6 cxd6 29. Bxg6 Rxd3 30. Bxd3 Qc7 31. Rb5 g6 32. Reb1 Ra6 33. Rd5 Kg7 34. Kg2 Ra5 35. Rbb5 Rxb5 36. Rxb5 Qc6+ 37. Kg3 Kf6 38. f3 Ke6 39. h4 f5 40. h5 fxg4 41. hxg6 Qxf3+ 42. Kh2 g3+ 0-1

[Event "Titled Tuesday intern op 17th Jan Early"]
[Site "Chess.com INT"]
[Date "2023.01.17"]
[Round "9"]
[White "Sentissi, Yassine"]
[Black "Salman, Pavel"]
[Result "0-1"]
[WhiteElo "2000"]
[BlackElo "2287"]
[PlyCount "108"]
[EventDate "2023.01.17"]
[EventType "swiss (blitz)"]
[EventRounds "11"]
[EventCountry "USA"]
[SourceTitle "CBM 212 Extra"]
[Source "ChessBase"]
[SourceDate "2023.03.31"]
[SourceVersion "1"]
[SourceVersionDate "2023.03.31"]
[SourceQuality "1"]

1. c4 c5 2. Nf3 Nf6 3. g3 b6 4. Bg2 Bb7 5. 0-0 e6 6. Nc3 Be7 7. b3 0-0 8. Bb2 a6 9. d4 cxd4 10. Qxd4 d6 11. Rad1 Nbd7 12. Rfe1 Qb8 13. Bh3 Ra7 14. Ng5 h6 15. Nge4 Nc5 16. Nxf6+ Bxf6 17. Qxd6 Qc8 18. Qd2 Ba8 19. b4 Qc6 20. f3 Rd7 21. Qc1 Nb7 22. Rxd7 Qxd7 23. Ne4 Bxb2 24. Qxb2 Nd6 25. Qd4 Bxe4 26. fxe4 Qc6 27. Rc1 Qxe4 28. Qxe4 Nxe4 29. Bg2 Nd6 30. c5 bxc5 31. bxc5 Rc8 32. Kf2 Rc7 33. Ke3 Nf5+ 34. Ke4 Kf8 35. g4 Nd6+ 36. Ke5 Nc8 37. c6 Ke7 38. Rd1 Na7 39. Rc1 f6+ 40. Kd4 Kd6 41. Rd1 Nxc6+ 42. Ke3+ Ke7 43. Rc1 Kd7 44. Rd1+ Ke7 45. Rc1 Kd6 46. Rd1+ Kc5 47. Rc1+ Kb6 48. Rb1+ Ka7 49. Rc1 Kb7 50. Rb1+ Kc8 51. Rc1 Ne7 52. Rd1 Rd7 53. Rb1 Nd5+ 54. Ke4 Nc3+ 0-1

[Event "Titled Tuesday intern op 17th Jan Early"]
[Site "Chess.com INT"]
[Date "2023.01.17"]
[Round "3"]
[White "Sentissi, Yassine"]
[Black "Zhigalko, Sergei"]
[Result "1-0"]
[WhiteElo "2000"]
[BlackElo "2572"]
[PlyCount "67"]
[EventDate "2023.01.17"]
[EventType "swiss (blitz)"]
[EventRounds "11"]
[EventCountry "USA"]
[SourceTitle "CBM 212 Extra"]
[Source "ChessBase"]
[SourceDate "2023.03.31"]
[SourceVersion "1"]
[SourceVersionDate "2023.03.31"]
[SourceQuality "1"]

1. c4 e5 2. Nc3 Nf6 3. g3 c6 4. d4 exd4 5. Qxd4 Na6 6. Bg2 Bc5 7. Qd1 0-0 8. Nf3 Re8 9. 0-0 Bf8 10. b3 Nc5 11. Bb2 a5 12. Qc2 h6 13. Rad1 Qb6 14. Nd4 d6 15. Nf5 Bxf5 16. Qxf5 a4 17. Rb1 axb3 18. axb3 Qxb3 19. Nd5 cxd5 20. Bxf6 Qa4 21. Bb2 dxc4 22. Bd5 Qd7 23. Qf3 Ra4 24. Bd4 Nb3 25. Bc3 Re7 26. Rfd1 Qc7 27. h4 b5 28. g4 Ra2 29. g5 Rexe2 30. Rf1 Qd7 31. gxh6 Kh7 32. Bxf7 g6 33. h5 Bxh6 34. hxg6# 1-0

[Event "Titled Tuesday intern op 10th Jan Early"]
[Site "Chess.com INT"]
[Date "2023.01.10"]
[Round "4"]
[White "Sentissi, Yassine"]
[Black "Marn, Jan"]
[Result "1-0"]
[WhiteElo "2000"]
[BlackElo "2359"]
[PlyCount "33"]
[EventDate "2023.01.10"]
[EventType "swiss (blitz)"]
[EventRounds "11"]
[EventCountry "USA"]
[SourceTitle "EXT 2024"]
[Source "ChessBase"]
[SourceDate "2023.10.10"]
[SourceVersion "1"]
[SourceVersionDate "2023.10.10"]
[SourceQuality "1"]

1. c4 e6 2. Nf3 d5 3. e3 Nf6 4. Nc3 Bd6 5. b3 a6 6. Bb2 0-0 7. Qc2 Nbd7 8. g4 Nxg4 9. Rg1 f5 10. cxd5 Nde5 11. Be2 Nxf3+ 12. Bxf3 e5 13. h3 Qh4 14. hxg4 fxg4 15. Rh1 Qf6 16. Qxh7+ Kf7 17. Ne4 1-0

[Event "Titled Tuesday intern op 10th Jan Late"]
[Site "Chess.com INT"]
[Date "2023.01.10"]
[Round "5"]
[White "Sentissi, Yassine"]
[Black "Svane, Frederik"]
[Result "0-1"]
[WhiteElo "2000"]
[BlackElo "2581"]
[PlyCount "94"]
[EventDate "2023.01.10"]
[EventType "swiss (blitz)"]
[EventRounds "11"]
[EventCountry "USA"]
[SourceTitle "EXT 2024"]
[Source "ChessBase"]
[SourceDate "2023.10.10"]
[SourceVersion "1"]
[SourceVersionDate "2023.10.10"]
[SourceQuality "1"]

1. c4 e6 2. Nf3 d5 3. e3 Nf6 4. Nc3 Bd6 5. b3 0-0 6. Bb2 c5 7. cxd5 exd5 8. d4 cxd4 9. Nxd4 Nc6 10. Bb5 Nxd4 11. Qxd4 a6 12. Be2 Re8 13. 0-0 Be5 14. Qd2 Be6 15. Bf3 Qa5 16. a3 Rac8 17. b4 Qc7 18. Rac1 Qd6 19. Rfd1 Bxh2+ 20. Kh1 Be5 21. Ne2 Rxc1 22. Rxc1 Bg4 23. Bxe5 Qxe5 24. Nd4 h6 25. Kg1 h5 26. Qc3 Qg5 27. Bxg4 hxg4 28. Ne2 Ne4 29. Qd4 g3 30. Nxg3 Nxg3 31. fxg3 Rxe3 32. Rc8+ Kh7 33. Qh4+ Qxh4 34. gxh4 Rxa3 35. Rd8 Rb3 36. Rxd5 Rxb4 37. g3 b5 38. Rd6 a5 39. Ra6 a4 40. Kg2 Rb3 41. g4 f6 42. g5 fxg5 43. hxg5 a3 44. Kf2 b4 45. Ke2 Rb2+ 46. Kd3 a2 47. Kc4 b3 0-1

[Event "Titled Tuesday intern op 10th Jan Late"]
[Site "Chess.com INT"]
[Date "2023.01.10"]
[Round "4"]
[White "Urquhart, Eddie"]
[Black "Sentissi, Yassine"]
[Result "0-1"]
[WhiteElo "2209"]
[BlackElo "2000"]
[PlyCount "82"]
[EventDate "2023.01.10"]
[EventType "swiss (blitz)"]
[EventRounds "11"]
[EventCountry "USA"]
[SourceTitle "EXT 2024"]
[Source "ChessBase"]
[SourceDate "2023.10.10"]
[SourceVersion "1"]
[SourceVersionDate "2023.10.10"]
[SourceQuality "1"]

1. e4 c6 2. Bc4 d5 3. Bb3 g6 4. exd5 cxd5 5. d4 Nc6 6. c3 Bh6 7. Bxh6 Nxh6 8. Nf3 0-0 9. 0-0 Bg4 10. Nbd2 Nf5 11. h3 Bxf3 12. Nxf3 e6 13. Re1 b5 14. Bc2 Nd6 15. Bd3 a5 16. Qe2 Rb8 17. Qe3 Kg7 18. Ne5 Nxe5 19. Qxe5+ Kg8 20. Re3 b4 21. Rg3 bxc3 22. bxc3 Rb6 23. Re1 Qh4 24. Rg4 Qh6 25. Re3 Qg7 26. Qf4 Rc8 27. Bc2 Nc4 28. Rf3 Rb2 29. Bb3 Nd2 30. Rd3 Nxb3 31. axb3 Rxb3 32. Qd6 Qf8 33. Qa6 Ra8 34. Qc6 a4 35. Rd1 a3 36. Rf4 a2 37. Rxf7 Kxf7 38. Re1 Rb1 39. Qxe6+ Kg7 40. Qe5+ Qf6 41. Qc7+ Kh8 0-1

[Event "Titled Tuesday intern op 20th Dec Early"]
[Site "Chess.com INT"]
[Date "2022.12.20"]
[Round "7"]
[White "D'Arruda, Ricardo D"]
[Black "Sentissi, Yassine"]
[Result "0-1"]
[WhiteElo "2271"]
[BlackElo "2000"]
[PlyCount "78"]
[EventDate "2022.12.20"]
[EventType "swiss (blitz)"]
[EventRounds "11"]
[EventCountry "USA"]
[SourceTitle "EXT 2024"]
[Source "ChessBase"]
[SourceDate "2023.10.10"]
[SourceVersion "1"]
[SourceVersionDate "2023.10.10"]
[SourceQuality "1"]

1. d4 d5 2. Nf3 Nf6 3. c4 c6 4. Nc3 e6 5. e3 Nbd7 6. Bd3 dxc4 7. Bxc4 b5 8. Bd3 Bd6 9. 0-0 0-0 10. e4 e5 11. h3 Qe7 12. Re1 a6 13. Bg5 Bb7 14. Ne2 c5 15. d5 c4 16. Bc2 h6 17. Be3 Nc5 18. Ng3 Bc8 19. b4 cxb3 20. axb3 b4 21. Nd2 Bd7 22. Nc4 Rfc8 23. Nf5 Bxf5 24. exf5 Nfe4 25. Qf3 Nc3 26. Bd4 e4 27. Qg4 f6 28. Bxc3 bxc3 29. b4 Nd7 30. Rxe4 Qf8 31. Re6 Bxb4 32. Bb3 Nc5 33. Ba2 Nxe6 34. fxe6 f5 35. Qg6 Kh8 36. d6 Bxd6 37. Nxd6 Qxd6 38. Qxf5 c2 39. Rc1 Qd1+ 0-1

[Event "Titled Tuesday intern op 20th Dec Early"]
[Site "Chess.com INT"]
[Date "2022.12.20"]
[Round "3"]
[White "Figorito, Nick"]
[Black "Sentissi, Yassine"]
[Result "0-1"]
[WhiteElo "2036"]
[BlackElo "2000"]
[PlyCount "78"]
[EventDate "2022.12.20"]
[EventType "swiss (blitz)"]
[EventRounds "11"]
[EventCountry "USA"]
[SourceTitle "EXT 2024"]
[Source "ChessBase"]
[SourceDate "2023.10.10"]
[SourceVersion "1"]
[SourceVersionDate "2023.10.10"]
[SourceQuality "1"]

1. Nf3 d5 2. g3 c6 3. Bg2 Nf6 4. 0-0 Bf5 5. b3 e6 6. Bb2 Nbd7 7. d3 h6 8. Nbd2 Bh7 9. Re1 Bc5 10. a3 0-0 11. b4 Bb6 12. e3 a5 13. Qe2 axb4 14. axb4 Qe7 15. c3 c5 16. bxc5 Nxc5 17. Ne5 Nfd7 18. Nxd7 Qxd7 19. e4 Na4 20. Nf3 Qb5 21. Rab1 dxe4 22. dxe4 Qxe2 23. Rxe2 Rfc8 24. Ba1 Ra7 25. Ne1 Bd8 26. Ra2 Rca8 27. Rb4 Be7 28. Rd4 Bc5 29. Rd7 Bg6 30. e5 Bb1 31. Rad2 Nb6 32. Rd8+ Rxd8 33. Rxd8+ Kh7 34. Bb2 Ra2 35. Rd2 Nc4 36. Rd1 Rxb2 37. Bf1 Bxf2+ 38. Kg2 Ne3+ 39. Kf3 Nxd1 0-1

[Event "Titled Tuesday intern op 20th Dec Late"]
[Site "Chess.com INT"]
[Date "2022.12.20"]
[Round "8"]
[White "Sentissi, Yassine"]
[Black "Bryakin, Mikhail"]
[Result "0-1"]
[WhiteElo "2000"]
[BlackElo "2437"]
[PlyCount "128"]
[EventDate "2022.12.20"]
[EventType "swiss (blitz)"]
[EventRounds "11"]
[EventCountry "USA"]
[SourceTitle "EXT 2024"]
[Source "ChessBase"]
[SourceDate "2023.10.10"]
[SourceVersion "1"]
[SourceVersionDate "2023.10.10"]
[SourceQuality "1"]

1. c4 g6 2. g3 Bg7 3. Bg2 c6 4. Nc3 Nf6 5. Nf3 0-0 6. 0-0 d5 7. cxd5 cxd5 8. d4 Nc6 9. Ne5 e6 10. Nxc6 bxc6 11. Bf4 Qa5 12. a3 Ba6 13. b4 Qb6 14. Na4 Qd8 15. Nc5 Bc4 16. Re1 Nd7 17. Bd6 Re8 18. e3 Nxc5 19. bxc5 Qa5 20. Bf1 Bxf1 21. Rxf1 Bf8 22. Bf4 Bg7 23. Bd6 e5 24. dxe5 Bxe5 25. Bxe5 Rxe5 26. Qc2 Re4 27. Rfc1 Rc4 28. Qb3 Rxc5 29. Qb4 Qxb4 30. axb4 Rxc1+ 31. Rxc1 Rb8 32. Rxc6 Rxb4 33. Ra6 Rb7 34. Rd6 a5 35. Rxd5 Ra7 36. Kf1 a4 37. Ke2 a3 38. Rd1 f5 39. Ra1 Kf7 40. Kd3 Ke6 41. e4 Ra4 42. exf5+ gxf5 43. Kc3 Ke5 44. Kb3 Ra7 45. f3 Kd4 46. Ka2 Ke3 47. Rc1 Kxf3 48. Rc4 Kg2 49. Rh4 Kg1 50. Rh5 Kg2 51. Rh4 Kf1 52. Rf4+ Kg1 53. Rh4 Kg2 54. Rh5 Kh1 55. Rh4 Kg1 56. Rh5 Rd7 57. Kxa3 Rd2 58. Rxh7 Rxh2 59. Rh5 Rf2 60. Rg5 Kg2 61. Kb4 Rf3 62. Kc4 Kf2 63. Kd4 Rxg3 64. Rxg3 Kxg3 0-1

[Event "Titled Tuesday intern op 20th Dec Late"]
[Site "Chess.com INT"]
[Date "2022.12.20"]
[Round "1"]
[White "Sentissi, Yassine"]
[Black "Li, Hui"]
[Result "1-0"]
[WhiteElo "2000"]
[BlackElo "1956"]
[PlyCount "105"]
[EventDate "2022.12.20"]
[EventType "swiss (blitz)"]
[EventRounds "11"]
[EventCountry "USA"]
[SourceTitle "EXT 2024"]
[Source "ChessBase"]
[SourceDate "2023.10.10"]
[SourceVersion "1"]
[SourceVersionDate "2023.10.10"]
[SourceQuality "1"]

1. c4 e6 2. Nf3 d5 3. e3 Nf6 4. Nc3 Be7 5. b3 0-0 6. Bb2 b6 7. cxd5 Nxd5 8. Nxd5 exd5 9. d4 c5 10. Bd3 Nc6 11. dxc5 Bxc5 12. 0-0 Bg4 13. h3 Bh5 14. a3 Be7 15. Rc1 Rc8 16. Be2 Bg6 17. Ba6 Rc7 18. Qe2 Nb8 19. Rxc7 Qxc7 20. Bd3 Nd7 21. Rc1 Qd6 22. b4 Bf6 23. Bxg6 hxg6 24. Nd4 Ne5 25. Nb5 Qb8 26. Rd1 Rd8 27. Nd4 Qb7 28. Nb3 Nc4 29. Bxf6 gxf6 30. Qa2 Kg7 31. Nd4 Rd7 32. a4 Ne5 33. b5 a6 34. Rc1 axb5 35. axb5 Rc7 36. Rxc7 Qxc7 37. Qxd5 Qc1+ 38. Kh2 Qb2 39. f4 Nd3 40. Qd7 Ne1 41. Qg4 f5 42. Nxf5+ Kf6 43. Nd4 Kg7 44. f5 Qf2 45. fxg6 fxg6 46. Qg3 Qf1 47. Ne6+ Kf6 48. Nf4 g5 49. Nh5+ Kg6 50. Qd6+ Kf7 51. Qd7+ Kf8 52. Qg7+ Ke8 53. Nf6+ 1-0

[Event "Titled Tuesday intern op 20th Dec Late"]
[Site "Chess.com INT"]
[Date "2022.12.20"]
[Round "7"]
[White "Urbina Perez, Juan Antonio"]
[Black "Sentissi, Yassine"]
[Result "0-1"]
[WhiteElo "2274"]
[BlackElo "2000"]
[PlyCount "74"]
[EventDate "2022.12.20"]
[EventType "swiss (blitz)"]
[EventRounds "11"]
[EventCountry "USA"]
[SourceTitle "EXT 2024"]
[Source "ChessBase"]
[SourceDate "2023.10.10"]
[SourceVersion "1"]
[SourceVersionDate "2023.10.10"]
[SourceQuality "1"]

1. d4 d5 2. Nf3 Nf6 3. c4 c6 4. Nbd2 g6 5. e3 Bg7 6. Be2 0-0 7. 0-0 b6 8. cxd5 cxd5 9. Nb1 Ba6 10. Bd2 Bxe2 11. Qxe2 Ne4 12. Rc1 Qd6 13. Nc3 Nxd2 14. Qxd2 Nc6 15. Nb5 Qd7 16. Rc2 a6 17. Na3 Rfc8 18. Rac1 e6 19. g3 Ne7 20. Qb4 Rxc2 21. Rxc2 b5 22. Qa5 Nc6 23. Qb6 Nb4 24. Rc7 Qd8 25. Qb7 Rb8 26. Qa7 Ra8 27. Qb7 Rb8 28. Qa7 Qe8 29. Qc5 Bf8 30. Qa7 Bd6 31. Rb7 Rc8 32. Ng5 Ra8 33. Qb6 Be7 34. Nf3 Bf6 35. Qc7 Rc8 36. Qa5 Qf8 37. Kg2 Bd8 0-1